Gaming Quiz

Random Gaming Quiz

Battlefront 2 heros and villains (2017) Quiz Stats

 Plays Quiz not verified by Sporcle

Score 0/20 Timer 10:00
0 Plays Today
Hint Answer % Correct
HeroLuke
100%
HeroLando
100%
HeroHan Solo
66.7%
HeroChewbacca
66.7%
HeroRey
66.7%
HeroFinn
66.7%
Hero Yoda
66.7%
Hero Anakin
66.7%
Hero Leia
66.7%
Hero Obi-Wan
66.7%
Hint Answer % Correct
VillainDarth Vader
66.7%
VillainPalpatine
66.7%
Villain Boba Fett
66.7%
VillainCount Dooku
66.7%
VillainGeneral Grievous
66.7%
VillainKylo Ren
66.7%
Villain Captain Phasma
66.7%
Villain Darth Maul
66.7%
Villain Bossk
33.3%
Villain Iden Versio
33.3%

You're not logged in!

Compare scores with friends on all Sporcle quizzes.
OR
Log In

Show Comments

Extras

Created May 16, 2019ReportNominate
Tags:2017, battlefront, hero

Top Quizzes Today


Score Distribution

Your Account Isn't Verified!

In order to create a playlist on Sporcle, you need to verify the email address you used during registration. Go to your Sporcle Settings to finish the process.

Report this User

Report this user for behavior that violates our Community Guidelines.

Details: